Colors by Synonym Quiz Stats

 Plays Quiz Updated Jul 20, 2017

Support Sporcle.
Go Orange.
Score 0/24 Timer 04:00
2 Plays Today
Question Answer Wrong Answers
Golden Yellow
96.3%
Red
0.2%
Green
0.1%
Blue
0.1%
Navy Blue
96.2%
Red
0.2%
Yellow
0.1%
Green
0.3%
Blond Yellow
96%
Red
0.3%
Green
0.1%
Blue
0.3%
Grassy Green
96%
Red
0.2%
Yellow
0.4%
Blue
0.2%
Lemon Yellow
95.7%
Red
0.1%
Green
1%
Blue
0.1%
Emerald Green
93.5%
Red
1.2%
Yellow
0.4%
Blue
1.7%
Daffodil Yellow
93.5%
Red
1%
Green
0.9%
Blue
1.4%
Lime Green
93.3%
Red
0.1%
Yellow
3.2%
Blue
0.2%
Aqua Blue
92.7%
Red
0.3%
Yellow
0.3%
Green
3.5%
Rust Red
91.9%
Yellow
4.1%
Green
0.5%
Blue
0.3%
Canary Yellow
89.4%
Red
4.8%
Green
0.9%
Blue
1.7%
Oxblood Red
89.2%
Yellow
2.2%
Green
2.2%
Blue
3.2%
Cobalt Blue
88.1%
Red
4.4%
Yellow
2.5%
Green
1.7%
Auburn Red
87.9%
Yellow
7.1%
Green
0.8%
Blue
1%
Ultramarine Blue
87.9%
Red
0.8%
Yellow
1.5%
Green
6.6%
Cardinal Red
86.8%
Yellow
4.7%
Green
1.2%
Blue
4%
Jade Green
86.5%
Red
3.1%
Yellow
1.2%
Blue
6%
Periwinkle Blue
79%
Red
6.4%
Yellow
6.3%
Green
5%
Flaxen Yellow
75.6%
Red
8.9%
Green
7.1%
Blue
5%
Carmine Red
63%
Yellow
17.1%
Green
6.1%
Blue
10.4%
Cerise Red
48.4%
Yellow
13%
Green
10.6%
Blue
24.5%
Viridescent Green
46.6%
Red
15.7%
Yellow
13.9%
Blue
20.3%
Cornflower Blue
46.1%
Red
1.4%
Yellow
48.6%
Green
1%
Celadon Green
33.3%
Red
11.2%
Yellow
16.4%
Blue
35.7%

You're not logged in!

Compare scores with friends on all Sporcle quizzes.
OR
Log In
Forgot?

From the Vault

TV Show by Couple II

by lucyinthesky9

Some of these characters would just be lost without their partners.
Remove Ads.
Support Sporcle.
Get the best of Sporcle when you Go Orange. This ad-free experience offers more features, more stats, and more fun while also helping to support Sporcle. Thank you for becoming a member.

Show Comments

Extras

Top Quizzes Today


Score Distribution

Your Account Isn't Verified!

In order to create a playlist on Sporcle, you need to verify the email address you used during registration. Go to your Sporcle Settings to finish the process.

Report this User

Report this user for behavior that violates our Community Guidelines.

Details: